|
|
|
|
| LEADER |
00964cam a2200289 7i4500 |
| 001 |
0000034909 |
| 005 |
20180403090000.0 |
| 007 |
##ta |
| 008 |
180403s2017 enk o 0 eng d |
| 020 |
# |
# |
|a 9780749481469
|
| 040 |
# |
# |
|a StDuBDS
|
| 090 |
0 |
0 |
|a B 658.4038011
|b SCH
|
| 100 |
1 |
# |
|a Schaeffer, Eric
|e author
|
| 245 |
1 |
0 |
|a INDUSTRY X.O :
|b REALIZING DIGITAL VALUE IN INDUSTRIAL SECTORS
|c Eric Schaeffer.
|
| 264 |
2 |
0 |
|a London:
|b Kogan Page,
|c 2017.
|
| 300 |
# |
# |
|a 312 pages:
|b illustrations (black and white);
|c 22 cm.
|
| 336 |
# |
# |
|a text
|2 rdacontent
|
| 337 |
# |
# |
|a unmediated
|2 rdamedia
|
| 338 |
# |
# |
|a volume
|2 rdacarrier
|
| 504 |
# |
# |
|a Includes bibliographical references and index
|
| 650 |
# |
0 |
|a Mass media and business
|
| 650 |
# |
0 |
|a Industrial management
|
| 650 |
# |
0 |
|a Internet of things
|
| 650 |
# |
0 |
|a Value
|
| 650 |
# |
0 |
|a Organizational effectiveness
|
| 650 |
# |
0 |
|a Management information systems
|
| 999 |
|
|
|a B000040120
|b Book
|c Book
|e Business Information Centre
|